MyGZULibrary

Soil fertility and fertilizers : (Record no. 3158)

MARC details
000 -LEADER
fixed length control field 01127cam a2200313 a 4500
001 - CONTROL NUMBER
control field 17651550
003 - CONTROL NUMBER IDENTIFIER
control field GZU
005 - DATE AND TIME OF LATEST TRANSACTION
control field 20201119145340.0
008 - FIXED-LENGTH DATA ELEMENTS--GENERAL INFORMATION
fixed length control field 130305s2014 njuab b 001 0 eng
010 ## - LIBRARY OF CONGRESS CONTROL NUMBER
LC control number 2013008153
020 ## - INTERNATIONAL STANDARD BOOK NUMBER
International Standard Book Number 9788120330177
035 ## - SYSTEM CONTROL NUMBER
System control number (DNAL)1116803
040 ## - CATALOGING SOURCE
Original cataloging agency DNAL/DLC
Transcribing agency DNAL
Modifying agency DLC
042 ## - AUTHENTICATION CODE
Authentication code pcc
050 00 - LIBRARY OF CONGRESS CALL NUMBER
Classification number S633
Item number .SOI 2005
245 00 - TITLE STATEMENT
Title Soil fertility and fertilizers :
Remainder of title an introduction to nutrient management /
Statement of responsibility, etc. John L. Havlin, James D. Beaton, Samuel L. and Werner L. Nelson
246 1# - VARYING FORM OF TITLE
Title proper/short title Introduction to nutrient management
250 ## - EDITION STATEMENT
Edition statement 7th ed.
260 ## - PUBLICATION, DISTRIBUTION, ETC.
Place of publication, distribution, etc. New Delhi :
Name of publisher, distributor, etc. PHI Learning Private Limited,
Date of publication, distribution, etc. 2011.
300 ## - PHYSICAL DESCRIPTION
Extent x, 515 p. :
Other physical details ill., maps, plates ;
Dimensions 29 cm.
504 ## - BIBLIOGRAPHY, ETC. NOTE
Bibliography, etc. note Includes bibliographical references and index.
650 #0 - SUBJECT ADDED ENTRY--TOPICAL TERM
Topical term or geographic name entry element Fertilizers.
650 #0 - SUBJECT ADDED ENTRY--TOPICAL TERM
Topical term or geographic name entry element Soil fertility.
650 #0 - SUBJECT ADDED ENTRY--TOPICAL TERM
Topical term or geographic name entry element Crops
General subdivision Nutrition.
700 1# - ADDED ENTRY--PERSONAL NAME
Personal name Havlin, John.
Relator term author
906 ## - LOCAL DATA ELEMENT F, LDF (RLIN)
a 7
b cbc
c orignew
d 1
e ecip
f 20
g y-gencatlg
942 ## - ADDED ENTRY ELEMENTS (KOHA)
Source of classification or shelving scheme Library of Congress Classification
Koha item type Books
Edition 7th ed.
Classification part 633
Item part SOI
Call number prefix S
Holdings
Withdrawn status Lost status Source of classification or shelving scheme Damaged status Not for loan Collection code Home library Current library Shelving location Date acquired Total Checkouts Full call number Barcode Date last seen Date last checked out Copy number Price effective from Koha item type Materials specified (bound volume or other part)
    Library of Congress Classification     Non-fiction Mashava Campus Library Mashava Campus Library General Stacks 11/19/2020 1 S633 SOI 2005 023685 08/31/2022 08/30/2022 c. 1 11/19/2020 Books  
    Library of Congress Classification     Non-fiction Mashava Campus Library Mashava Campus Library General Stacks 04/12/2021   S633 SOI 2005 023683 04/12/2021   c. 2 04/12/2021 Books  
    Library of Congress Classification     Non-fiction Mashava Campus Library Mashava Campus Library General Stacks 04/12/2021   S 633 SOI 2005 023589 04/12/2021   c. 3 04/12/2021 Books lcc